|
|
|
|
| LEADER |
00756nam a22002172a 4500 |
| 001 |
000483974 |
| 003 |
CZ BrMZK |
| 005 |
20101021070815.0 |
| 007 |
ta |
| 008 |
000105s1982 gw f ger d |
| 040 |
|
|
|a BOA001
|b cze
|d BOA001
|
| 100 |
1 |
|
|a Köcher, Dieter
|4 dis
|
| 245 |
1 |
0 |
|a Patiente-Compliance im psychosomatischen Konsiliardienst :
|b Ausmass und Einflussgrössen /
|c Dieter Köcher
|
| 260 |
|
|
|a Berlin :
|b D. Köcher,
|c 1982
|
| 300 |
|
|
|a 135 s.
|
| 502 |
|
|
|a Disertace--Freie Universität Berlin, 1982
|
| 710 |
2 |
|
|a Freie Universität Berlin
|7 kn20010710196
|
| 910 |
|
|
|a BOA001
|b 2-0872.074
|
| 964 |
|
|
|a Nemocní - léčba - spolupráce
|
| 990 |
|
|
|a BK
|
| 996 |
7 |
|
|b 2619828705
|c 2-0872.074
|l MZK
|r Sklad / do 1 hodiny
|n 1
|w 000483974
|u 000010
|a 1
|e BOA001
|j MZK50
|s A
|